=LDR 00000nam 2200000 4500 =001 INLIS000000000033980 =005 20130612135913 =008 ***********************************ind** =035 ##$$0010-061300000033980 =041 ##$$a ind =082 ##$$a 658 =090 ##$$a 658, Sis p =100 ##$$a Siswanto =245 ##$$a Pengantar manajemen, Siswanto =260 ##$$a 2007 $b Jakarta =300 ##$$a xiii,210 hlm, Ilus, 23 cm =650 ##$$a Manajemen =850 ##$$a NBPNMAT